BSOP header

A biblical framework for an evangelical response to the current socio-political unrest in the Philippines / (Record no. 26327)

MARC details
000 -LEADER
fixed length control field 00816nam a2200181 4500
008 - FIXED-LENGTH DATA ELEMENTS--GENERAL INFORMATION
fixed length control field 060324s1983 ph b 000 0 eng
090 ## - LOCALLY ASSIGNED LC-TYPE CALL NUMBER (OCLC); LOCAL CALL NUMBER (OCLC)
Classification number (OCLC) (R) ; Classification number, CALL (RLIN) (NR) BR1642.P5
Local cutter number (OCLC) ; Book number/undivided call number, CALL (RLIN) V55b
100 1# - MAIN ENTRY--PERSONAL NAME
Personal name Vencer, Agustin B.
245 12 - TITLE STATEMENT
Title A biblical framework for an evangelical response to the current socio-political unrest in the Philippines /
Statement of responsibility, etc Agustin B. Vencer, Jr.
260 ## - PUBLICATION, DISTRIBUTION, ETC. (IMPRINT)
Place of publication, distribution, etc Quezon City, Philippines :
Name of publisher, distributor, etc Communications and Resources Dept., Philippine Council of Evangelical Churches,
Date of publication, distribution, etc 1983.
300 ## - PHYSICAL DESCRIPTION
Extent 38 p. ;
Dimensions 21 cm.
500 ## - GENERAL NOTE
General note Page 38 blank for notes.
504 ## - BIBLIOGRAPHY, ETC. NOTE
Bibliography, etc Includes bibliographical references.
650 #4 - SUBJECT ADDED ENTRY--TOPICAL TERM
Topical term or geographic name as entry element Church and state
Geographic subdivision Philippines.
650 #4 - SUBJECT ADDED ENTRY--TOPICAL TERM
Topical term or geographic name as entry element Evangelicalism
Geographic subdivision Philippines.
651 #4 - SUBJECT ADDED ENTRY--GEOGRAPHIC NAME
Geographic name Philippines
General subdivision Politics and government
Chronological subdivision 1973-
951 ## - EQUIVALENCE OR CROSS-REFERENCE-GEOGRAPHIC NAME/AREA NAME [OBSOLETE] [CAN/MARC only]
General subdivision 00032715
951 ## - EQUIVALENCE OR CROSS-REFERENCE-GEOGRAPHIC NAME/AREA NAME [OBSOLETE] [CAN/MARC only]
-- 29274
-- BR1642.P5/V55b
-- 070613111548656
-- 2000-12-21
-- FIL-P
Holdings
Withdrawn status Lost status Damaged status Not for loan Home library Current library Shelving location Date acquired Accession number Shelving control number Total Checkouts Full call number Barcode Date last seen Price effective from Koha item type
        BSOP Library BSOP Library Filipiniana Pamphlet 12/21/2000 29274 127   BR1642.P5/V55b 00032715 02/23/2013 02/23/2013 Books
BSOP

Biblical Seminary of the Philippines
  All rights Reserved
  © 2024

CONTACT INFORMATION

Biblical Seminary of the Philippines,
  77-B Karuhatan Road, Valenzuela City,
  PHILIPPINES 1441
  Phone: +632 8292-6795 / 8292-6798
  Fax : +632 8292-6675
  Email: library@bsop.edu.ph